| 000 | 00518nam a2200169Ia 4500 | ||
|---|---|---|---|
| 008 | 180921t2017 xxu||||| |||| 00| 0 sin d | ||
| 041 | _asin | ||
| 080 |
_a294.3 _bSAD |
||
| 100 | _aSaddharathana himi,Kanaththegoda | ||
| 245 | _aබුදුහාමුදුරුවෝ මනෝ වෛද්යවරයෙකි | ||
| 246 | _aBudu Hamuduruvo Mano Waidyawarayeki | ||
| 260 |
_bSaraswathi _aDiulapitiya _c2017 |
||
| 300 | _b190p, 23cm | ||
| 942 | _cBK | ||
| 999 |
_c4765 _d4765 |
||
| 003 | LK-CoDNM | ||
| 040 |
_aLK-CoDNM _dLK-CoDNM _eLK-CoDNM |
||